|
|
|
|
| LEADER |
01178nam a2200253 a 4500 |
| 001 |
GR-Antirio1072 |
| 008 |
141107s2007 xxu g 000 0 eng d |
| 020 |
|
|
|a 9781590597668
|
| 040 |
|
|
|a GrPaTEI
|b gre
|c GR-PaULI
|
| 040 |
|
|
|a GrPaTEI
|b gre
|c GR-PaULI
|
| 082 |
|
0 |
|a 005.133
|2 22
|
| 100 |
1 |
|
|a Cooper, Peter
|
| 245 |
1 |
0 |
|a Beginning Ruby :
|b from notice to professional /
|c Peter Cooper.
|
| 260 |
|
|
|a Berkeley CA :
|b Apress,
|c 2007
|
| 300 |
|
|
|a xxx, 631 σ. :
|b εικ.
|
| 490 |
0 |
|
|a The expert's voice in open source
|
| 500 |
|
|
|a Περιλαμβάνει ευρετήριο.
|
| 650 |
|
0 |
|a Ruby (Computer program languge)
|
| 710 |
0 |
|
|a Apress
|
| 942 |
|
|
|2 ddc
|
| 952 |
|
|
|0 0
|1 0
|2 ddc
|4 0
|6 005_133000000000000_COO
|7 0
|9 262899
|a LISK-2
|b LISK-2
|c BSC
|d 2021-01-17
|e 24
|f 0
|g 0.00
|l 0
|o 005.133 COO
|p 2430000007791
|r 2021-01-17 00:00:00
|t 1
|w 2021-01-17
|y BK15
|x 20141106 0 ΧΑΣΑΝΗ 1
|x GrPaTEI - Antirrio
|
| 952 |
|
|
|0 0
|1 0
|2 ddc
|4 0
|6 005_133000000000000_COO
|7 0
|9 262900
|a LISK-2
|b LISK-2
|c BSC
|d 2021-01-17
|e 24
|f 0
|g 0.00
|l 0
|o 005.133 COO
|p 2430000007792
|r 2021-01-17 00:00:00
|t 1
|w 2021-01-17
|y BK15
|x 20141106 0 ΧΑΣΑΝΗ 1
|x GrPaTEI - Antirrio
|
| 971 |
|
|
|a .b25708715
|b 15-04-20
|c 12-09-16
|
| 999 |
|
|
|c 151423
|d 151423
|